| 000 | 00736cam a22002291 4500 | ||
|---|---|---|---|
| 001 | 000620251 | ||
| 003 | AM-YeHGA | ||
| 005 | 20250617140006.0 | ||
| 008 | 720714s1958 maua 000 0 eng d | ||
| 040 | _aAM-YeHGA | ||
| 041 | 1 |
_aeng _hger |
|
| 100 | 1 |
_aGiedion, Sigfried, _d1888-1968 |
|
| 245 | 1 | 0 |
_aArchitecture : You and me : _bThe diary of a development / _c[By] S. Giedion ; Transl. by Jaqueline Tyrwhitt. |
| 260 |
_aCambridge, MA : _bHarvard University Press, _c1958. |
||
| 300 |
_a221 p. : _bill. ; _c22 cm. |
||
| 500 | _aTranslation of Architektur und Gemeinschaft | ||
| 650 | 0 | _aՃարտարապետություն | |
| 650 | 0 | _aArt | |
| 650 | 0 | _aArt and society | |
| 700 | 1 |
_aTyrwhitt, Jaqueline _4trl |
|
| 090 | _c212716 | ||
| 999 |
_c211207 _d211207 |
||